Một số đặc điểm trừu tượng hoá và khái quát hoá của học sinh các lớp cuối bậc tiểu học (lớp 3, 4, 5) qua khả năng xác lập quy luật /
Gardado en:
| Autor Principal: | |
|---|---|
| Formato: | Artigo |
| Idioma: | Vietnamese |
| Những chủ đề: | |
| Các nhãn: |
Engadir etiqueta
Sen Etiquetas, Sexa o primeiro en etiquetar este rexistro!
|
| Thư viện lưu trữ: | Thư viện Trường Đại học Đà Lạt |
|---|
| LEADER | 00944nam a2200289 4500 | ||
|---|---|---|---|
| 001 | DLU090072964 | ||
| 005 | ##20090525 | ||
| 040 | # | # | |a DLU |b vie |
| 041 | # | # | |a vie |
| 044 | # | # | |a vn |
| 100 | # | # | |a Phan Thị Hạnh Mai. |
| 245 | # | # | |a Một số đặc điểm trừu tượng hoá và khái quát hoá của học sinh các lớp cuối bậc tiểu học (lớp 3, 4, 5) qua khả năng xác lập quy luật / |c Phan Thị Hạnh Mai. |
| 653 | # | # | |a Học sinh tiểu học |
| 653 | # | # | |a Khái quát hoá |
| 653 | # | # | |a Khả năng tư duy |
| 653 | # | # | |a Khảo sát |
| 653 | # | # | |a Trừu tượng hoá |
| 773 | # | # | |t Tâm lý học |g Số 8, 2001, tr. 29-32 |
| 920 | # | # | |a Phòng Tạp chí -- Trung tâm Thông tin - Thư viện Trường Đại học Đà Lạt |
| 994 | # | # | |a DLU |
| 900 | # | # | |a True |
| 911 | # | # | |a Nguyễn Thanh Hương |
| 925 | # | # | |a G |
| 926 | # | # | |a A |
| 927 | # | # | |a BB |
| 980 | # | # | |a Thư viện Trường Đại học Đà Lạt |